Rosa Luxemburg (Record no. 17917)

MARC details
000 -LEADER
fixed length control field 00678nam a2200121Ia 4500
008 - FIXED-LENGTH DATA ELEMENTS--GENERAL INFORMATION
fixed length control field 220615s9999||||xx |||||||||||||| ||und||
100 ## - MAIN ENTRY--PERSONAL NAME
Personal name Jacob, Frank
245 #0 - TITLE STATEMENT
Title Rosa Luxemburg
Remainder of title Living and Thinking the Revolution
546 ## - LANGUAGE NOTE
Language note English[eng]
650 ## - SUBJECT ADDED ENTRY--TOPICAL TERM
Topical term or geographic name entry element Rosa Luxemburg||Socialism||labor movement||revolution||revolutionary socialist||biography||Karl Liebknecht||revolutionist||revolutionary processes||revolutionary practice||revolutionary theory||Marxism||democratic socialism||Eduard Bernstein||Russian Revolution 1905, Russian Revolution 1917, German Revolution 1918/19
856 ## - ELECTRONIC LOCATION AND ACCESS
Uniform Resource Identifier <a href="https://library.oapen.org/bitstream/20.500.12657/52970/1/9783963177897.pdf">https://library.oapen.org/bitstream/20.500.12657/52970/1/9783963177897.pdf</a>
942 ## - ADDED ENTRY ELEMENTS (KOHA)
Koha item type E-Books
Holdings
Withdrawn status Lost status Damaged status Not for loan Home library Current library Date acquired Total Checkouts Date last seen Price effective from Koha item type
        Kerala University of Digital Sciences, Innovation and Technology Knowledge Centre Kerala University of Digital Sciences, Innovation and Technology Knowledge Centre 15/06/2022   15/06/2022 15/06/2022 E-Books